000
00345nam a2200145Ia 4500
008
220805s9999 xx 000 0 und d
020
_a
978-81-921106-7-7
041
_a
eng
082
_a
930.09
100
_a
Ed. Brancaccio, Pia
_9
88042
260
_a
Mumbai
_b
The marg Foundation
_c
2013
245
_a
Living Rock
300
_a
140
440
_v
64
999
_c
48468
_d
48468